El SELA: presente y futuro de la cooperación económica intralatinoamericana /
Salvato in:
| Enti autori: | , |
|---|---|
| Natura: | testo |
| Pubblicazione: |
Buenos Aires:
INTAL
|
| Tags: |
Aggiungi Tag
Nessun Tag, puoi essere il primo ad aggiungerne!!
|
MARC
| LEADER | 00000 a a2200000 04500 | ||
|---|---|---|---|
| 001 | 25506 | ||
| 003 | |||
| 040 | |||
| 090 | |a 152906 | ||
| 110 | |a Instituto para la integración de América Latina | ||
| 245 | |a El SELA: presente y futuro de la cooperación económica intralatinoamericana / |c Instituto para la integración de América Latina | ||
| 260 | |a Buenos Aires: |b INTAL | ||
| 300 | |a 274 p |b **no definido** | ||
| 710 | |a INTAL |a BID | ||
| 999 | |c 11517 |d 11517 | ||
